[Event "Bochum op"]
[Site "Bochum"]
[Date "2006.09.26"]
[Round "7.6"]
[White "Schreck, Peter"]
[Black "Gallert, Heinz Peter"]
[Result "0-1"]
[WhiteElo "1550"]
[BlackElo "1780"]
[PlyCount "62"]
[EventDate "2006.08.15"]
[EventType "swiss"]
[EventRounds "7"]
[EventCountry "GER"]
[SourceTitle "EXT 2007"]
[Source "ChessBase"]
[SourceDate "2006.11.23"]
[SourceVersion "1"]
[SourceVersionDate "2006.11.23"]
[SourceQuality "1"]

1. Nf3 g6 2. g3 Bg7 3. Bg2 Nf6 4. 0-0 0-0 5. Nc3 d5 6. d4 Bg4 7. Ne5 c6 8. Nxg4 Nxg4 9. e4 Nxf2 10. Rxf2 dxe4 11. Be3 f5 12. Ne2 Nd7 13. c3 Nf6 14. h3 Nd5 15. Qb3 Kh8 16. c4 Nxe3 17. Qxe3 e5 18. dxe5 Bxe5 19. g4 Qd3 20. Qc5 Rae8 21. gxf5 e3 22. Rf3 Qxe2 23. Rxe3 Bh2+ 24. Kxh2 Qxe3 25. Qb4 Qe5+ 26. Kg1 Re7 27. fxg6 hxg6 28. c5 Rf4 29. Qd2 Qxc5+ 30. Kh2 Qe5 31. Re1 Re4+ 0-1

[Event "Herne op"]
[Site "Herne"]
[Date "2006.02.21"]
[Round "3.5"]
[White "Gallert, Heinz Peter"]
[Black "Becker, Joerg"]
[Result "0-1"]
[WhiteElo "1773"]
[BlackElo "2182"]
[PlyCount "110"]
[EventDate "2006.02.06"]
[EventType "swiss"]
[EventRounds "7"]
[EventCountry "GER"]
[SourceTitle "EXT 2007"]
[Source "ChessBase"]
[SourceDate "2006.11.23"]
[SourceVersion "1"]
[SourceVersionDate "2006.11.23"]
[SourceQuality "1"]

1. f4 d5 2. Nf3 Nf6 3. g3 g6 4. Bg2 Bg7 5. d4 0-0 6. 0-0 Bf5 7. Nc3 Na6 8. Kh1 Nb4 9. Ne1 Qd7 10. a3 Nc6 11. Nf3 Ne4 12. Nxe4 Bxe4 13. c3 Na5 14. Nd2 Bxg2+ 15. Kxg2 f5 16. Rf3 b5 17. b4 Nb7 18. a4 a5 19. bxa5 Rxa5 20. Nb3 Rxa4 21. Rb1 c6 22. Bb2 Rfa8 23. Qd3 e6 24. Rff1 Bf8 25. Qe3 Na5 26. Nd2 Bd6 27. Ra1 Nc4 28. Nxc4 bxc4 29. Rxa4 Rxa4 30. Qd2 Qb7 31. Ra1 Qb3 32. Rxa4 Qxa4 33. Qc1 Kf7 34. h3 Be7 35. Kf2 c5 36. e3 Qb3 37. Ke2 h6 38. Kf3 g5 39. Kf2 gxf4 40. gxf4 cxd4 41. exd4 Bd6 42. Kf3 Qb8 43. Qd2 Bxf4 44. Qxf4 Qxb2 45. Qc7+ Kg6 46. Qg3+ Kh5 47. Qe1 Qc2 48. Kg3 Qd3+ 49. Kh2 Qe4 50. Qg3 Qc2+ 51. Kg1 Qd3 52. Qe1 f4 53. Qe5+ Qf5 54. Qe2+ f3 55. Qf1 Qe4 0-1